000 00615nam a2200241Ia 4500
003 OSt
005 20221005121437.0
006 a|||||r|||| 00| 0
007 ta
008 221004b |||||||| |||| 00| 0 mar d
024 _a63284
037 _cTextual
040 _aCRL
_cCRL
_bmar
041 _2mar
_amar
082 _aO155,2N262,6, L4
100 _aParkhee G.G. Au.
_9630617
245 0 _aHello mee boltoy
260 _c1974
300 _a92p.
_ccm.
650 _aMARATHI LITERATURE
_938000
942 _hO155,2N262,6, L4
_cTEXL
_2cc
999 _c1041165
_d1041165